| 000 | 00673nam a2200229 a 4500 | ||
|---|---|---|---|
| 001 | BRCA_5280 | ||
| 005 | 20190320205020.0 | ||
| 008 | 011210s1905----enka######---#000-0#eng-# | ||
| 041 | _aeng | ||
| 044 | _aenk | ||
| 050 | 4 |
_aPZ3 _b.D53G 1905 |
|
| 100 | 1 |
_aDikens, Charles _d1812 - 1870 _913529 |
|
| 245 | 1 | 0 |
_aGreat Expectations _cby Charles Dickens. |
| 260 |
_aLondres _bThomas Nelson and Sons _c1905 |
||
| 300 |
_a491 p. _bil., 1 lámina _c16 cm. |
||
| 440 | 0 |
_aNew Century Library _pThe works of Charles Dickens _vXIV _913530 |
|
| 500 | _aEdición con cabeza dorada | ||
| 500 | _aM1 | ||
| 650 | 1 | 4 |
_aLiteratura inglesa _ySiglo XX _913531 |
| 902 | _aGFM | ||
| 942 |
_2lcc _cB |
||
| 999 |
_c4974 _d4974 |
||